000 00751cam a2200241 a 4500
001 000018478
005 20260529114430.0
008 760420s1960 nyu 000 0 eng d
010 _a61000560
035 _a(DLC) 61000560
035 _a(OCoLC)2127474
040 _aDO-SdBNP
_bBNPHU
_cNAlU
_dOCoLC
_dDLC
082 _a813.54
_bS625g
245 0 0 _aSix great short science fiction novels /
_cEditado por Groff Conklin.
260 _aNew York :
_bDell Publishing,
_c1960.
300 _a350 p. ;
_c17 cm.
650 4 _aNovela estadounidense
_9262
650 4 _aLiteratura estadounidense
_ySIGLO XX
_96874
650 0 _aCiencia ficción
_939976
700 1 _aConklin, Groff,
_eed.
_939977
910 _aCatalogación por derivada / LC
049 _aBNGR
999 _c17998
_d17998